000
00201nam a22000857a 4500
008
170617b xxu||||| |||| 00| 0 eng d
100
_9
3499
_a
Singh. R
245
_a
Fruits
260
_a
New Delhi
_b
N. B. T
_c
2008
999
_c
6882
_d
6882